Sports Quiz

Random Sports or WWE Quiz
Score 0/24 Timer 04:00
8 Plays Today
Wrestler W, C, T, or E % Correct
Rey Mysterio???
68.8%
Eddie Guerrero???
67.7%
AJ Styles???
67.1%
Jeff Hardy???
66.1%
Taz???
65.2%
Chris Jericho???
64.2%
Rhyno???
62.5%
Booker T???
61.3%
Scott Steiner???
59.3%
Sid???
59.2%
Raven???
59%
Mr. Anderson???
57%
Wrestler W, C, T, or E % Correct
Mike Awesome???
56.7%
R Truth???
56.3%
Big Show???
55.5%
Shane Douglas???
54.2%
Lex Luger???
53.3%
Bubba Ray Dudley???
51.6%
Jeff Jarrett???
47.7%
Christian???
46.8%
Bam Bam Bigelow???
45.6%
Chris Benoit???
42.4%
Ken Shamrock???
40.2%
Rob Van Dam???
38.9%

You're not logged in!

Compare scores with friends on all Sporcle quizzes.
OR
Log In

Sporcle TV

Today on Sporcle TV


Watch our educational content, quiz creation guides, and fun videos on Sporcle TV.

Show Comments

Extras

Top Quizzes Today


Score Distribution

Your Account Isn't Verified!

In order to create a playlist on Sporcle, you need to verify the email address you used during registration. Go to your Sporcle Settings to finish the process.

Report this User

Report this user for behavior that violates our Community Guidelines.

Details: